000 00846 a2200217 4500
005 20260401122610.0
008 260401b |||||||| |||| 00| 0 eng d
020 _a9789387145740 (hbk)
037 _cTB
040 _aCRL
_cCRL
041 _2hin
_ahin
084 _aP152:3 Q8
_qCRL
100 _aअग्रवाल, साधना
_9862236
245 _aहिन्दी भाषा का व्याकरण
260 _aदिल्ली, भारत:
_bअनन्य प्रकाशन,
_c2018.
300 _a134पृ.
650 _aहिन्दी भाषा
650 _aभाषा विज्ञान
942 _cTB
_2CC
_hP152:3 Q8
999 _c1467046
_d1467046